| 000 | 00000nam 2200000zi 4500 |
| 001 | 9.932004 |
| 003 | CaOODSP |
| 005 | 20241120114142 |
| 006 | m o d f |
| 007 | cr |n||||||||| |
| 008 | 231229e198405##qucdab ob f|0| 0 fre d |
| 040 | |aCaOODSP|bfre|erda|cCaOODSP |
| 043 | |an-cn-qu |
| 086 | 1 |aCW66-1484/1984F-PDF |
| 100 | 1 |aGervais, Denis, |d1959- |eauteur. |
| 245 | 10|aÉtude préliminaire des mammifères de la RNF du Lac St-François / |cpar Denis Gervais, Carole Robidoux, Claire Lachance, François Shaffer, Céline Daoust. |
| 246 | 13|aÉtude préliminaire des mammifères de la Réserve nationale de faune du Lac St-François |
| 264 | 1|aSte-Agnès de Dundee : |bService canadien de la faune, |cmai 1984. |
| 300 | |a1 ressource en ligne (1 volume (pagination multiple)) : |bcartes, graphiques, illustrations |
| 336 | |atexte|btxt|2rdacontent/fre |
| 337 | |ainformatique|bc|2rdamedia/fre |
| 338 | |aressource en ligne|bcr|2rdacarrier/fre |
| 500 | |aÉdition numérisée de l’imprimé [par Environnement et changement climatique Canada]. |
| 500 | |a« Projet Relais. » |
| 504 | |aComprend des références bibliographiques. |
| 505 | 0 |aLes petits mammifères de la RNF du Lac St-François -- Les mammifères de la RNF du Lac St-François -- Les léporidés de la RNF du Lac St-François. |
| 650 | 6|aMammifères|xPopulations|zQuébec (Province) |
| 650 | 0|aMammal populations|zQuébec (Province) |
| 651 | 6|aRéserve nationale de faune du Lac-Saint-François (Québec) |
| 710 | 2 |aService canadien de la faune, |eorganisme de publication. |
| 856 | 40|qPDF|s2.97 Mo|uhttps://publications.gc.ca/collections/collection_2024/eccc/cw66/CW66-1484-1984-fra.pdf |